[Event "Berlin-ch Seniors op 37th"]
[Site "Berlin"]
[Date "2021.06.14"]
[Round "7"]
[White "Taeuber, Helmut"]
[Black "Scholz, Werner"]
[Result "0-1"]
[WhiteElo "1036"]
[BlackElo "1639"]
[PlyCount "62"]
[EventDate "2021.06.08"]
[EventType "swiss"]
[EventRounds "9"]
[EventCountry "GER"]
[SourceTitle "EXT 2022"]
[Source "ChessBase"]
[SourceDate "2021.10.06"]
[SourceVersion "1"]
[SourceVersionDate "2021.10.06"]
[SourceQuality "1"]

1. e4 c5 2. Nf3 e6 3. d4 cxd4 4. Nxd4 Bc5 5. c3 Qb6 6. b4 Bxd4 7. Qxd4 Qxd4 8. cxd4 Nc6 9. d5 Nxb4 10. Bd2 Nc2+ 11. Kd1 Nd4 12. d6 Nf6 13. e5 Ng4 14. Be3 Nxe3+ 15. fxe3 b6 16. e4 Bb7 17. Nc3 Rc8 18. Kd2 Bxe4 19. Nxe4 Nc2 20. Nc3 Nb4 21. a3 Nc6 22. Ba6 Rb8 23. Rae1 0-0 24. Nb5 f6 25. exf6 Rxf6 26. Re2 Rff8 27. Ke3 Rf5 28. Nc3 Re5+ 29. Ne4 Ra5 30. Bd3 Rxa3 31. Nc3 Rxc3 0-1

[Event "Berlin-ch Seniors op 37th"]
[Site "Berlin"]
[Date "2021.06.09"]
[Round "2"]
[White "Mayer, Herbert"]
[Black "Scholz, Werner"]
[Result "1-0"]
[WhiteElo "1803"]
[BlackElo "1639"]
[PlyCount "52"]
[EventDate "2021.06.08"]
[EventType "swiss"]
[EventRounds "9"]
[EventCountry "GER"]
[SourceTitle "EXT 2022"]
[Source "ChessBase"]
[SourceDate "2021.10.06"]
[SourceVersion "1"]
[SourceVersionDate "2021.10.06"]
[SourceQuality "1"]

1. c4 e5 2. Nc3 Nf6 3. Nf3 Nc6 4. e4 a6 5. g3 Bc5 6. Bg2 0-0 7. 0-0 d6 8. Rb1 Bg4 9. h3 Bxf3 10. Qxf3 Nd4 11. Qd1 Qd7 12. b4 Ba7 13. d3 Rab8 14. Bg5 Ne8 15. Kh2 f6 16. Be3 f5 17. exf5 Rxf5 18. Be4 Rf8 19. b5 axb5 20. cxb5 Nf6 21. Bg2 Bb6 22. Qa4 Bc5 23. Ne4 Bb6 24. Nxf6+ Rxf6 25. Bd5+ Kh8 26. Bg5 Rf5 1-0

[Event "Berlin-ch Seniors op 37th"]
[Site "Berlin"]
[Date "2021.06.08"]
[Round "1"]
[White "Scholz, Werner"]
[Black "Sebastian, Martin"]
[Result "0-1"]
[WhiteElo "1639"]
[BlackElo "1962"]
[PlyCount "60"]
[EventDate "2021.06.08"]
[EventType "swiss"]
[EventRounds "9"]
[EventCountry "GER"]
[SourceTitle "EXT 2022"]
[Source "ChessBase"]
[SourceDate "2021.10.06"]
[SourceVersion "1"]
[SourceVersionDate "2021.10.06"]
[SourceQuality "1"]

1. d4 Nf6 2. Nf3 c5 3. d5 d6 4. c4 g6 5. Nc3 Bg7 6. e4 0-0 7. Be2 e5 8. h3 Nh5 9. g3 Na6 10. Ng5 Nf6 11. f4 exf4 12. Bxf4 h6 13. Nf3 Nh5 14. Qd2 Nxf4 15. gxf4 Re8 16. Bd3 Nb4 17. a3 Nxd3+ 18. Qxd3 Qf6 19. Qe3 Bd7 20. Kd2 b5 21. cxb5 Rab8 22. e5 Qf5 23. Nh4 Qh5 24. Nf3 dxe5 25. Nxe5 Bxe5 26. fxe5 Rxe5 27. Qxc5 Rxb5 28. Qd4 Rbxd5 29. Nxd5 Rxd5 30. Kc3 Qf3+ 0-1

[Event "Berlin-ch Seniors op 34th"]
[Site "Berlin"]
[Date "2018.02.08"]
[Round "9"]
[White "Schmidt, Dietrich"]
[Black "Scholz, Werner"]
[Result "1-0"]
[WhiteElo "1921"]
[BlackElo "1703"]
[PlyCount "21"]
[EventDate "2018.01.30"]
[EventType "swiss"]
[EventRounds "9"]
[EventCountry "GER"]
[SourceTitle "EXT 2020"]
[Source "ChessBase"]
[SourceDate "2019.10.17"]
[SourceVersion "1"]
[SourceVersionDate "2019.10.17"]
[SourceQuality "1"]

1. e4 c5 2. Nf3 e6 3. d4 cxd4 4. Nxd4 Bc5 5. Be3 Qb6 6. Na3 Bxa3 7. bxa3 Qa5+ 8. Bd2 Qe5 9. Nb5 Qxe4+ 10. Be2 Na6 11. Nd6+ 1-0

[Event "Berlin-ch Seniors op 34th"]
[Site "Berlin"]
[Date "2018.02.05"]
[Round "6"]
[White "Scholz, Werner"]
[Black "Borgwardt, Heinz"]
[Result "1/2-1/2"]
[WhiteElo "1703"]
[BlackElo "1551"]
[PlyCount "47"]
[EventDate "2018.01.30"]
[EventType "swiss"]
[EventRounds "9"]
[EventCountry "GER"]
[SourceTitle "EXT 2020"]
[Source "ChessBase"]
[SourceDate "2019.10.17"]
[SourceVersion "1"]
[SourceVersionDate "2019.10.17"]
[SourceQuality "1"]

1. d4 Nf6 2. Nf3 g6 3. Nc3 Bg7 4. e4 d6 5. Be3 0-0 6. Qd2 Nbd7 7. 0-0-0 Nb6 8. h3 Bd7 9. Bh6 e6 10. Bxg7 Kxg7 11. e5 Ne8 12. g4 Bc6 13. Qf4 Nd5 14. Nxd5 Bxd5 15. Kb1 dxe5 16. Qxe5+ Qf6 17. Qxf6+ Nxf6 18. Be2 Ne4 19. Rh2 f6 20. c4 Bc6 21. Kc2 b6 22. Nd2 Nxd2 23. Rxd2 Rad8 24. Kc3 1/2-1/2

[Event "Berlin-ch Seniors op 33rd"]
[Site "Berlin"]
[Date "2017.02.01"]
[Round "2"]
[White "Scholz, Werner"]
[Black "Kuehnemund, Lutz"]
[Result "1/2-1/2"]
[WhiteElo "1680"]
[BlackElo "1992"]
[PlyCount "53"]
[EventDate "2017.01.31"]
[EventType "swiss"]
[EventRounds "9"]
[EventCountry "GER"]
[SourceTitle "EXT 2019"]
[Source "ChessBase"]
[SourceDate "2018.10.10"]
[SourceVersion "1"]
[SourceVersionDate "2018.10.10"]
[SourceQuality "1"]

1. d4 Nf6 2. Nf3 d5 3. e3 g6 4. c4 Bg7 5. cxd5 Nxd5 6. Nc3 0-0 7. Bc4 Nxc3 8. bxc3 c5 9. 0-0 Qc7 10. Qb3 Nc6 11. Be2 Be6 12. Qa4 a6 13. Ng5 Bd7 14. Qa3 Na7 15. Bb2 cxd4 16. cxd4 Bb5 17. Rfc1 Qd7 18. Bf3 Rac8 19. Ne4 b6 20. Nc3 Bc4 21. Ne4 a5 22. Nd2 Ba6 23. Qb3 b5 24. Ne4 b4 25. Nc5 Qb5 26. Nxa6 Qxa6 27. a3 1/2-1/2

[Event "Berlin-ch Seniors op 33rd"]
[Site "Berlin"]
[Date "2017.01.31"]
[Round "1"]
[White "Willin, Bernhard"]
[Black "Scholz, Werner"]
[Result "1/2-1/2"]
[WhiteElo "1959"]
[BlackElo "1680"]
[PlyCount "84"]
[EventDate "2017.01.31"]
[EventType "swiss"]
[EventRounds "9"]
[EventCountry "GER"]
[SourceTitle "EXT 2019"]
[Source "ChessBase"]
[SourceDate "2018.10.10"]
[SourceVersion "1"]
[SourceVersionDate "2018.10.10"]
[SourceQuality "1"]

1. d4 c5 2. e3 e6 3. Nf3 Nf6 4. Bd3 d5 5. b3 Bd6 6. 0-0 0-0 7. Bb2 Nc6 8. a3 Re8 9. Ne5 cxd4 10. exd4 Qc7 11. Re1 a5 12. Nd2 b6 13. Qe2 Ne7 14. Ndf3 h6 15. Rad1 Bb7 16. Nd2 Rac8 17. Rc1 Nf5 18. Qf3 Ne7 19. Qh3 Nc6 20. Re2 Qe7 21. Nb1 Nh7 22. Rd1 Nxe5 23. dxe5 Bc5 24. Bc1 f6 25. exf6 Qxf6 26. Be3 d4 27. Bc1 Bd6 28. Nd2 Ng5 29. Qg4 Rc5 30. h4 Nf7 31. Ne4 Qe5 32. Qh3 Rc7 33. Nxd6 Qxd6 34. Rde1 e5 35. Qf5 Kf8 36. Bd2 Bc8 37. Qf3 Rce7 38. b4 a4 39. Be4 b5 40. Qg3 Qf6 41. Bg6 Bf5 42. Bxf7 Kxf7 1/2-1/2

[Event "Miedzyzdroje OB Seniors 24th"]
[Site "Miedzyzdroje"]
[Date "2016.06.24"]
[Round "8"]
[White "Scholz, Werner"]
[Black "Funke, Hermann"]
[Result "0-1"]
[WhiteElo "1685"]
[BlackElo "1702"]
[PlyCount "34"]
[EventDate "2016.06.17"]
[EventType "swiss"]
[EventRounds "9"]
[EventCountry "POL"]
[SourceTitle "EXT 2019"]
[Source "ChessBase"]
[SourceDate "2018.10.10"]
[SourceVersion "1"]
[SourceVersionDate "2018.10.10"]
[SourceQuality "1"]

1. Nf3 Nf6 2. d4 d5 3. e3 c6 4. Bd3 Bg4 5. c4 e5 6. Qb3 Bxf3 7. gxf3 Nbd7 8. Qxb7 exd4 9. Qxc6 Rc8 10. Qa4 Bc5 11. Ke2 0-0 12. b4 dxc4 13. Bxc4 Bb6 14. Rd1 Qe8 15. Na3 Qe7 16. Kf1 d3 17. Ke1 Qe5 0-1

[Event "Miedzyzdroje OB Seniors 24th"]
[Site "Miedzyzdroje"]
[Date "2016.06.20"]
[Round "4"]
[White "Karamucki, Henryk"]
[Black "Scholz, Werner"]
[Result "1/2-1/2"]
[WhiteElo "1329"]
[BlackElo "1685"]
[PlyCount "56"]
[EventDate "2016.06.17"]
[EventType "swiss"]
[EventRounds "9"]
[EventCountry "POL"]
[SourceTitle "EXT 2019"]
[Source "ChessBase"]
[SourceDate "2018.10.10"]
[SourceVersion "1"]
[SourceVersionDate "2018.10.10"]
[SourceQuality "1"]

1. f4 Nf6 2. Nf3 Nc6 3. e3 d5 4. Be2 g6 5. 0-0 Bg7 6. d4 0-0 7. c4 Bf5 8. a3 e6 9. Nc3 a5 10. Ne5 Ne4 11. Nxe4 Bxe4 12. Nxc6 bxc6 13. c5 Qd7 14. Bd3 Bxd3 15. Qxd3 f6 16. Bd2 Qe7 17. Bc3 Rfb8 18. Qd2 a4 19. Rfb1 e5 20. fxe5 fxe5 21. Rf1 Re8 22. Rae1 e4 23. Re2 Bf6 24. Ref2 Rf8 25. Qe2 Kg7 26. Rf4 Rf7 27. Be1 Raf8 28. Bg3 h5 1/2-1/2

[Event "Hessen-ch Seniors op 12th"]
[Site "Bad Sooden-Allendorf"]
[Date "2016.05.04"]
[Round "5"]
[White "Scholz, Werner"]
[Black "Brandt, Fred"]
[Result "1-0"]
[WhiteElo "1678"]
[BlackElo "1880"]
[PlyCount "131"]
[EventDate "2016.04.30"]
[EventType "swiss"]
[EventRounds "9"]
[EventCountry "GER"]
[SourceTitle "EXT 2019"]
[Source "ChessBase"]
[SourceDate "2018.10.10"]
[SourceVersion "1"]
[SourceVersionDate "2018.10.10"]
[SourceQuality "1"]

1. d4 Nf6 2. c4 e6 3. Nc3 d5 4. Bg5 Be7 5. cxd5 exd5 6. Nf3 c6 7. e3 Bg4 8. Qb3 b6 9. Ne5 Be6 10. Bd3 0-0 11. 0-0 c5 12. Qc2 c4 13. Bxf6 Bxf6 14. Bxh7+ Kh8 15. Bf5 Bxe5 16. Bxe6 Bxh2+ 17. Kxh2 fxe6 18. Rh1 Qf6 19. Kg1+ Kg8 20. Nb5 a6 21. Nc3 Nc6 22. a3 g6 23. f3 Kg7 24. Kf2 Rh8 25. Qd2 b5 26. Ne2 Ne7 27. Nf4 Kf7 28. Rae1 Nf5 29. Qa5 Ne7 30. Qb6 e5 31. Qxf6+ Kxf6 32. Ne2 Nc6 33. dxe5+ Nxe5 34. Nf4 Kf7 35. Rxh8 Rxh8 36. Rd1 Rd8 37. Ke2 g5 38. Nxd5 Nd3 39. Nc7 Rd6 40. Rd2 Ke7 41. e4 Kd7 42. Nd5 a5 43. g3 Rh6 44. Ke3 Rh3 45. Nc3 Kc6 46. Ne2 b4 47. axb4 axb4 48. Kd4 Kb5 49. Rc2 Rh8 50. f4 Rd8+ 51. Ke3 gxf4+ 52. gxf4 Ne1 53. Rc1 Rd3+ 54. Kf2 Nf3 55. e5 Nh4 56. Re1 Rf3+ 57. Kg1 Rb3 58. Nd4+ Ka4 59. Nxb3 Nf3+ 60. Kf2 Nxe1 61. Nc5+ Kb5 62. e6 Kxc5 63. e7 Nd3+ 64. Kf3 Nxf4 65. Kxf4 Kd4 66. e8Q 1-0

[Event "Hessen-ch Seniors op 12th"]
[Site "Bad Sooden-Allendorf"]
[Date "2016.05.03"]
[Round "4"]
[White "Kuhnert, Werner Eberhard"]
[Black "Scholz, Werner"]
[Result "1/2-1/2"]
[WhiteElo "1421"]
[BlackElo "1678"]
[PlyCount "29"]
[EventDate "2016.04.30"]
[EventType "swiss"]
[EventRounds "9"]
[EventCountry "GER"]
[SourceTitle "EXT 2019"]
[Source "ChessBase"]
[SourceDate "2018.10.10"]
[SourceVersion "1"]
[SourceVersionDate "2018.10.10"]
[SourceQuality "1"]

1. d4 c5 2. c3 e6 3. Nf3 Nf6 4. Bg5 Be7 5. Nbd2 Nc6 6. e3 d5 7. Be2 0-0 8. 0-0 cxd4 9. exd4 Qc7 10. g3 h6 11. Bf4 Qb6 12. Rb1 Nh5 13. Be3 Bd6 14. Ne5 Nf6 15. Bf3 1/2-1/2

[Event "Hessen-ch Seniors op 12th"]
[Site "Bad Sooden-Allendorf"]
[Date "2016.05.01"]
[Round "2"]
[White "Lichtenberg, Friedrich"]
[Black "Scholz, Werner"]
[Result "1-0"]
[WhiteElo "1919"]
[BlackElo "1678"]
[PlyCount "77"]
[EventDate "2016.04.30"]
[EventType "swiss"]
[EventRounds "9"]
[EventCountry "GER"]
[SourceTitle "EXT 2019"]
[Source "ChessBase"]
[SourceDate "2018.10.10"]
[SourceVersion "1"]
[SourceVersionDate "2018.10.10"]
[SourceQuality "1"]

1. e4 c5 2. Nc3 e6 3. d3 g6 4. Be3 Nc6 5. Nf3 b6 6. d4 cxd4 7. Nxd4 Nge7 8. Bb5 Bb7 9. Nxc6 Nxc6 10. Qd2 h6 11. f4 Bg7 12. 0-0-0 a6 13. Bxc6 Bxc6 14. Bd4 f6 15. f5 e5 16. Be3 g5 17. g4 Qc7 18. Qf2 Rb8 19. h4 Ke7 20. Rd2 Rhd8 21. hxg5 fxg5 22. f6+ Bxf6 23. Rxh6 Rf8 24. Qf5 Rf7 25. Bxg5 Rbf8 26. Nd5+ Bxd5 27. exd5 Qd6 28. Re2 Qxd5 29. Bxf6+ Rxf6 30. Rxe5+ Qxe5 31. Qxe5+ Re6 32. Rxe6+ dxe6 33. g5 Rf1+ 34. Kd2 Rf5 35. Qc7+ Ke8 36. g6 Rd5+ 37. Ke3 Rd7 38. Qxd7+ Kxd7 39. g7 1-0

[Event "Berlin-ch Seniors op 32nd"]
[Site "Berlin"]
[Date "2016.02.02"]
[Round "7"]
[White "Weber, Viktor"]
[Black "Scholz, Werner"]
[Result "1/2-1/2"]
[WhiteElo "1615"]
[BlackElo "1692"]
[PlyCount "48"]
[EventDate "2016.01.26"]
[EventType "swiss"]
[EventRounds "9"]
[EventCountry "GER"]
[SourceTitle "EXT 2019"]
[Source "ChessBase"]
[SourceDate "2018.10.10"]
[SourceVersion "1"]
[SourceVersionDate "2018.10.10"]
[SourceQuality "1"]

1. d4 c5 2. dxc5 e6 3. Nf3 Bxc5 4. c4 Nf6 5. Nc3 0-0 6. Bg5 h6 7. Bh4 Nc6 8. e3 Be7 9. a3 a5 10. Bd3 b6 11. Bc2 Bb7 12. Qd3 g6 13. Rd1 d6 14. 0-0 Ng4 15. Bxe7 Nxe7 16. Qe2 Qc7 17. h3 Bxf3 18. Qxf3 Ne5 19. Qe4 Rac8 20. Nb5 Qxc4 21. Qxc4 Rxc4 22. Bb3 Rc6 23. Nxd6 Rd8 24. Nb5 Rxd1 1/2-1/2

[Event "Berlin-ch Seniors op 32nd"]
[Site "Berlin"]
[Date "2016.01.29"]
[Round "4"]
[White "Scholz, Werner"]
[Black "Kuntosch, Peter"]
[Result "1-0"]
[WhiteElo "1692"]
[BlackElo "1586"]
[PlyCount "73"]
[EventDate "2016.01.26"]
[EventType "swiss"]
[EventRounds "9"]
[EventCountry "GER"]
[SourceTitle "EXT 2019"]
[Source "ChessBase"]
[SourceDate "2018.10.10"]
[SourceVersion "1"]
[SourceVersionDate "2018.10.10"]
[SourceQuality "1"]

1. d4 d5 2. c4 dxc4 3. Nf3 Nf6 4. Nc3 e6 5. Bg5 Be7 6. e4 b5 7. Bxf6 Bxf6 8. e5 Be7 9. Nxb5 Bb4+ 10. Nc3 Ba6 11. Qa4+ Qd7 12. Qxb4 Nc6 13. Qa4 Nb8 14. Rc1 c6 15. Bxc4 Bxc4 16. Qxc4 0-0 17. 0-0 Qb7 18. b3 Nd7 19. Ne4 Nb6 20. Nd6 Nxc4 21. Nxb7 Nb6 22. Nd6 Nd5 23. a3 Ne7 24. Rc2 a5 25. Rc5 Rfb8 26. Rb1 h6 27. h4 g6 28. g4 Kg7 29. Kg2 Ra6 30. Nd2 Nd5 31. Kg3 Nc7 32. a4 Nd5 33. f4 Rb4 34. Rc4 Rab6 35. Rxb4 Rxb4 36. N6c4 Nc3 37. Re1 1-0

[Event "Berlin-ch Seniors op 32nd"]
[Site "Berlin"]
[Date "2016.01.27"]
[Round "2"]
[White "Scholz, Werner"]
[Black "Wahner, Eberhard"]
[Result "0-1"]
[WhiteElo "1692"]
[BlackElo "1394"]
[PlyCount "58"]
[EventDate "2016.01.26"]
[EventType "swiss"]
[EventRounds "9"]
[EventCountry "GER"]
[SourceTitle "EXT 2019"]
[Source "ChessBase"]
[SourceDate "2018.10.10"]
[SourceVersion "1"]
[SourceVersionDate "2018.10.10"]
[SourceQuality "1"]

1. d4 Nf6 2. c4 e6 3. Nc3 Bb4 4. a3 Bxc3+ 5. bxc3 c5 6. e3 0-0 7. Bd3 b6 8. Ne2 Bb7 9. 0-0 d5 10. cxd5 Bxd5 11. f3 Nbd7 12. e4 Bb7 13. e5 Nd5 14. Qc2 h6 15. Ng3 Rc8 16. c4 cxd4 17. Bxh6 gxh6 18. Rfe1 Ne3 19. Qf2 Nxe5 20. Rxe3 dxe3 21. Qxe3 Qf6 22. Nh5 Qg5 23. Qxg5+ hxg5 24. Nf6+ Kg7 25. Be4 Bxe4 26. Nxe4 Kg6 27. Rc1 Nxc4 28. Kf2 Nxa3 29. Rd1 Rfd8 0-1

[Event "Berlin-ch Seniors op 31st"]
[Site "Berlin"]
[Date "2015.02.06"]
[Round "8"]
[White "Scholz, Werner"]
[Black "Windmueller, Werner"]
[Result "1/2-1/2"]
[WhiteElo "1452"]
[BlackElo "1580"]
[PlyCount "37"]
[EventDate "2015.01.29"]
[EventType "swiss"]
[EventRounds "9"]
[EventCountry "GER"]
[SourceTitle "EXT 2018"]
[Source "ChessBase"]
[SourceDate "2017.10.13"]
[SourceVersion "1"]
[SourceVersionDate "2017.10.13"]
[SourceQuality "1"]

1. d4 d5 2. Nf3 e6 3. e3 c5 4. c3 Nf6 5. Bd3 Nc6 6. Nbd2 c4 7. Bc2 Bd6 8. Qe2 Bd7 9. e4 dxe4 10. Nxe4 Nxe4 11. Qxe4 Qc7 12. Qh4 Be7 13. Bg5 Qd8 14. 0-0 Bxg5 15. Qxg5 Qxg5 16. Nxg5 h6 17. Ne4 Ke7 18. Rfe1 b6 19. Ng3 1/2-1/2

[Event "Berlin-ch Seniors op 31st"]
[Site "Berlin"]
[Date "2015.02.04"]
[Round "6"]
[White "Scholz, Werner"]
[Black "Sube, Guenter"]
[Result "1/2-1/2"]
[WhiteElo "1452"]
[BlackElo "1616"]
[PlyCount "65"]
[EventDate "2015.01.29"]
[EventType "swiss"]
[EventRounds "9"]
[EventCountry "GER"]
[SourceTitle "EXT 2018"]
[Source "ChessBase"]
[SourceDate "2017.10.13"]
[SourceVersion "1"]
[SourceVersionDate "2017.10.13"]
[SourceQuality "1"]

1. d4 Nf6 2. Nf3 b6 3. e3 Bb7 4. Bd3 e6 5. Nbd2 Be7 6. e4 d6 7. 0-0 Nbd7 8. Re1 0-0 9. h3 Rc8 10. Qe2 e5 11. dxe5 dxe5 12. Nc4 Bd6 13. Nxd6 cxd6 14. c3 Qc7 15. Bg5 h6 16. Bxf6 Nxf6 17. Rad1 Qc5 18. Qe3 Rfe8 19. Nh4 Qxe3 20. Rxe3 g6 21. f3 Re7 22. Bc2 d5 23. exd5 Nxd5 24. Red3 Nf4 25. Rd6 Kg7 26. Kf2 Rcc7 27. Bb3 e4 28. Ke3 Nh5 29. f4 Ng3 30. Kf2 Nh5 31. Ke3 Ng3 32. Kf2 Nh5 33. Ke3 1/2-1/2

[Event "MVP-ch Seniors op 14th"]
[Site "Binz"]
[Date "2014.12.02"]
[Round "8"]
[White "Scholz, Jutta"]
[Black "Scholz, Werner"]
[Result "1/2-1/2"]
[WhiteElo "1439"]
[BlackElo "1477"]
[PlyCount "88"]
[EventDate "2014.11.25"]
[EventType "swiss"]
[EventRounds "9"]
[EventCountry "GER"]
[SourceTitle "EXT 2016"]
[Source "ChessBase"]
[SourceDate "2015.10.08"]
[SourceVersion "1"]
[SourceVersionDate "2015.10.08"]
[SourceQuality "1"]

1. e4 c5 2. Nf3 e6 3. Nc3 d5 4. exd5 exd5 5. Qe2+ Be7 6. d4 c4 7. h3 h6 8. g3 Nf6 9. Bg2 0-0 10. Be3 Nc6 11. 0-0 Be6 12. Nd2 Qd7 13. Kh2 Nh7 14. f4 f5 15. Nf3 Kh8 16. Nh4 Bxh4 17. gxh4 Nf6 18. Bf3 Rae8 19. Qg2 Bf7 20. Rae1 Bh5 21. Bxh5 Nxh5 22. Qf2 Re7 23. Nd1 Nf6 24. c3 Ne4 25. Qf3 Rfe8 26. Rg1 Nd8 27. Rg2 Ne6 28. Reg1 Nf6 29. h5 Nf8 30. Bf2 Ne4 31. Bh4 Rf7 32. Kh1 Rc8 33. Kh2 Rc7 34. Kh1 Qe6 35. Ne3 Qd7 36. Qd1 b5 37. a3 Qe6 38. Qe2 a5 39. Nc2 Qd6 40. Qf3 Rc8 41. Ne3 Qe6 42. Be1 Re8 43. Re2 Qd6 44. Nc2 Ne6 1/2-1/2

[Event "MVP-ch Seniors op 14th"]
[Site "Binz"]
[Date "2014.11.30"]
[Round "6"]
[White "Minte, Horst"]
[Black "Scholz, Werner"]
[Result "1/2-1/2"]
[WhiteElo "1626"]
[BlackElo "1477"]
[PlyCount "60"]
[EventDate "2014.11.25"]
[EventType "swiss"]
[EventRounds "9"]
[EventCountry "GER"]
[SourceTitle "EXT 2016"]
[Source "ChessBase"]
[SourceDate "2015.10.08"]
[SourceVersion "1"]
[SourceVersionDate "2015.10.08"]
[SourceQuality "1"]

1. e4 c5 2. c3 Nf6 3. e5 Nd5 4. Bc4 Nb6 5. Bb3 Nc6 6. Nf3 e6 7. d4 cxd4 8. cxd4 d5 9. 0-0 Bd7 10. Be3 Rc8 11. Nbd2 Be7 12. Rc1 0-0 13. Bc2 f5 14. exf6 Bxf6 15. b3 Qe7 16. Re1 Nb4 17. Bb1 Rxc1 18. Qxc1 Rc8 19. Qd1 Bb5 20. Nf1 a5 21. a4 Be8 22. Ng3 Nd7 23. Bf4 g5 24. Be5 Nxe5 25. Nxe5 Nc6 26. Nf5 Qf8 27. Nxc6 Rxc6 28. Ng3 Qf7 29. Qg4 h5 30. Qd1 h4 1/2-1/2

[Event "MVP-ch Seniors op 14th"]
[Site "Binz"]
[Date "2014.11.26"]
[Round "2"]
[White "Schulz, Gerhard1111"]
[Black "Scholz, Werner"]
[Result "1-0"]
[WhiteElo "1709"]
[BlackElo "1477"]
[PlyCount "61"]
[EventDate "2014.11.25"]
[EventType "swiss"]
[EventRounds "9"]
[EventCountry "GER"]
[SourceTitle "EXT 2016"]
[Source "ChessBase"]
[SourceDate "2015.10.08"]
[SourceVersion "1"]
[SourceVersionDate "2015.10.08"]
[SourceQuality "1"]

1. d4 c5 2. c3 e6 3. Nf3 Nf6 4. e3 d5 5. Bd3 Bd6 6. Nbd2 Nc6 7. 0-0 0-0 8. dxc5 Bxc5 9. e4 Qc7 10. Qe2 Ng4 11. h3 Nge5 12. Bc2 a5 13. Re1 b6 14. exd5 Nxf3+ 15. Nxf3 exd5 16. Qd3 g6 17. Bh6 Rd8 18. Qe2 Bd7 19. Rad1 Re8 20. Qd2 Rxe1+ 21. Rxe1 Be6 22. Bb3 Rd8 23. Ng5 Qd7 24. Qf4 Bf8 25. Bxf8 Rxf8 26. Qh4 h5 27. Qg3 Ne7 28. Qe5 Nc6 29. Qf6 Qd8 30. Rxe6 fxe6 31. Qxg6+ 1-0

[Event "Schleswig Holstein-ch Seniors op"]
[Site "Buesum"]
[Date "2014.10.01"]
[Round "7"]
[White "Scholz, Werner"]
[Black "Schencke, Guenther"]
[Result "1/2-1/2"]
[WhiteElo "1736"]
[BlackElo "1799"]
[PlyCount "52"]
[EventDate "2014.09.25"]
[EventType "swiss"]
[EventRounds "9"]
[EventCountry "GER"]
[SourceTitle "EXT 2018"]
[Source "ChessBase"]
[SourceDate "2017.10.13"]
[SourceVersion "1"]
[SourceVersionDate "2017.10.13"]
[SourceQuality "1"]

1. d4 d5 2. Nf3 Nf6 3. e3 Bg4 4. c4 c6 5. Qb3 Qc7 6. Ne5 Bf5 7. Nc3 e6 8. Bd2 Nbd7 9. Nf3 Be7 10. Be2 0-0 11. Nh4 Be4 12. Nf3 dxc4 13. Qxc4 Bd5 14. Qd3 e5 15. e4 Be6 16. Rc1 exd4 17. Nxd4 Nc5 18. Qe3 Bd7 19. h3 Ne6 20. Nxe6 Bxe6 21. b3 Ba3 22. Nb5 Qe7 23. Nxa3 Qxa3 24. Rc2 Qe7 25. 0-0 Rfd8 26. Rd1 Qe8 1/2-1/2

[Event "Schleswig Holstein-ch Seniors op"]
[Site "Buesum"]
[Date "2014.09.29"]
[Round "5"]
[White "Scholz, Werner"]
[Black "Hoelzel, Gerhard"]
[Result "1-0"]
[WhiteElo "1736"]
[BlackElo "1550"]
[PlyCount "47"]
[EventDate "2014.09.25"]
[EventType "swiss"]
[EventRounds "9"]
[EventCountry "GER"]
[SourceTitle "EXT 2018"]
[Source "ChessBase"]
[SourceDate "2017.10.13"]
[SourceVersion "1"]
[SourceVersionDate "2017.10.13"]
[SourceQuality "1"]

1. d4 Nf6 2. Nf3 g6 3. c4 Bg7 4. Nc3 0-0 5. e4 d6 6. Be2 Nbd7 7. 0-0 Re8 8. Be3 e5 9. d5 h6 10. h3 Nf8 11. Qd2 Kh7 12. Rac1 Qe7 13. b4 c6 14. c5 Ng8 15. cxd6 Qxd6 16. Bc5 Qd7 17. Rfd1 f6 18. Qc2 Qc7 19. dxc6 bxc6 20. Bd6 Qb7 21. Na4 Bd7 22. Nc5 Qc8 23. Ba6 Qd8 24. Bxf8 1-0

[Event "Schleswig Holstein-ch Seniors op"]
[Site "Buesum"]
[Date "2014.09.28"]
[Round "4"]
[White "Scholz, Werner"]
[Black "Fleischer, Martin"]
[Result "0-1"]
[WhiteElo "1736"]
[BlackElo "1898"]
[PlyCount "78"]
[EventDate "2014.09.25"]
[EventType "swiss"]
[EventRounds "9"]
[EventCountry "GER"]
[SourceTitle "EXT 2018"]
[Source "ChessBase"]
[SourceDate "2017.10.13"]
[SourceVersion "1"]
[SourceVersionDate "2017.10.13"]
[SourceQuality "1"]

1. d4 d5 2. Nf3 e6 3. e3 Nf6 4. Bd3 c5 5. c3 Nc6 6. Nbd2 cxd4 7. exd4 Bd6 8. 0-0 Qc7 9. Qe2 a6 10. Re1 b5 11. Ne5 Ne7 12. Ndf3 h6 13. h3 Bb7 14. Nh2 Ne4 15. Nhg4 f5 16. Qf3 h5 17. Ne3 Bxe5 18. dxe5 Qxe5 19. Nc2 Qf6 20. Qe2 Bc8 21. Be3 g5 22. Nd4 g4 23. Bxe4 fxe4 24. hxg4 hxg4 25. Qxg4 e5 26. Bg5 Qg6 27. Qg3 exd4 28. Qe5 Rh7 29. f3 Qf5 30. Qg3 Rg7 31. f4 Qg4 32. Qh2 d3 33. Qh8+ Kf7 34. Rad1 Bb7 35. Qh2 Nf5 36. Rd2 Kg8 37. g3 Rh7 38. Qg2 Rh3 39. Kf2 Rxg3 0-1

[Event "Schleswig Holstein-ch Seniors op"]
[Site "Buesum"]
[Date "2014.09.27"]
[Round "3"]
[White "Vierling, Paul"]
[Black "Scholz, Werner"]
[Result "0-1"]
[WhiteElo "1535"]
[BlackElo "1736"]
[PlyCount "38"]
[EventDate "2014.09.25"]
[EventType "swiss"]
[EventRounds "9"]
[EventCountry "GER"]
[SourceTitle "EXT 2018"]
[Source "ChessBase"]
[SourceDate "2017.10.13"]
[SourceVersion "1"]
[SourceVersionDate "2017.10.13"]
[SourceQuality "1"]

1. e4 c5 2. Nf3 e6 3. d3 Nf6 4. Be2 Be7 5. 0-0 0-0 6. c4 d5 7. cxd5 exd5 8. e5 Ne8 9. Bf4 Nc6 10. Nc3 f6 11. exf6 Nxf6 12. h3 a6 13. Bg3 b5 14. b3 Bd6 15. Bxd6 Qxd6 16. Ne1 Qe5 17. Rc1 Nd8 18. Bf3 Qg5 19. Kh1 Ra7 0-1